[Event "ICS Rated blitz match"]
[Site "207.99.83.227"]
[Date "1999.04.23"]
[Round "?"]
[White "Hossa"]
[Black "Secret"]
[Result "0-1"]
[WhiteElo "2438"]
[BlackElo "2719"]
[Annotator "Crafty v16.6"]
[PlyCount "121"]

{annotating for player Hossa using a scoring margin of +0.10 pawns. search
time limit is 10.00} 1. d4 1... Nf6 2. Nf3 g6 3. Bf4 ({9:-0.08} 3. Bf4 3... Bg7
4. Nc3 Nc6 5. d5 Nb4 6. a3 Nh5 7. Be5 Bxe5 8. Nxe5 $10) ({9:+0.03} 3. e3 3...
Bg7 4. Bd3 Nc6 5. O-O O-O 6. Nbd2 a6 7. Ng5 $10) 3... Bg7 4. e3 ({8:-0.26} 4.
e3 4... Nd5 5. Be5 f6 6. Bg3 Nc6 7. Bb5 7... Ncb4 $10) ({8:+0.00} 4. Qd2 4...
Nd5 5. Bh6 Bxh6 6. Qxh6 Nb4 7. Na3 N8c6 8. Qg7 $10) 4... O-O 5. Be2 d6 6. O-O
c5 7. dxc5 ({7:+0.00} 7. dxc5 7... Nh5 8. Nc3 Nxf4 9. exf4 Bxc3 10. bxc3 dxc5
11. Ne5 $10) ({7:+0.19} 7. Nc3 7... Nh5 8. Bg5 Nc6 9. dxc5 Bxc3 10. bxc3 10...
dxc5 $10) 7... Nh5 8. Nc3 Nxf4 9. exf4 dxc5 10. Qxd8 Rxd8 11. Ne5 ({8:-0.38} 
11. Ne5 11... Bxe5 12. fxe5 Nc6 13. Ne4 Nxe5 14. Nxc5 Rd2 15. Bd1 $15) ({
8:-0.26} 11. Na4 11... Bf5 12. Bd3 Bxd3 13. cxd3 Na6 14. Rad1 Bd4 15. Ne5 $10)
11... Bxe5 12. fxe5 Nc6 13. f4 Bf5 14. Na4 Rac8 15. c3 Na5 16. b3 Rd2 17. Rf2
b6 18. c4 Rcd8 19. Nc3 Kg7 20. Rd1 Rxd1+ 21. Bxd1 Rd3 22. Rf3 Rd4 23. g3 Bg4
24. Rf1 Bh3 25. Re1 Rd2 26. Kh1 Nc6 27. Rg1 Nd4 28. g4 Rf2 29. a4 e6 30. a5
Rxf4 31. axb6 axb6 32. Na4 Nc6 33. g5 Nxe5 34. Rg3 Bf5 35. Kg2 Nd7 36. Nc3 h6
37. Ne2 Rh4 38. gxh6+ Kxh6 39. Nc3 f6 40. Nb5 e5 41. Be2 Nf8 42. Kg1 Ne6 43.
Bd1 Ng5 44. Rg2 Rf4 45. h4 Nh3+ 46. Kh2 Nf2 47. Be2 Rxh4+ 48. Kg1 Nh3+ 49. Kf1
Nf4 50. Rg1 Rh2 51. Bg4 Bd3+ 52. Ke1 Bc2 53. Kf1 f5 54. Bf3 Nh3 55. Rg3 f4 56.
Rxh3+ Rxh3 57. Bc6 Rxb3 58. Nd6 Re3 59. Nc8 Bd3+ 60. Kf2 Re2+ 61. Kg1 0-1

[Event "ICS Rated blitz match"]
[Site "207.99.83.227"]
[Date "1999.04.23"]
[Round "?"]
[White "Hossa"]
[Black "Secret"]
[Result "0-1"]
[WhiteElo "2421"]
[BlackElo "2724"]
[Annotator "Crafty v16.6"]
[PlyCount "90"]

{annotating for player Hossa using a scoring margin of +0.10 pawns. search
time limit is 10.00} 1. d4 1... Nf6 2. c4 e6 3. Nf3 b6 4. e3 Bb7 5. Bd3 d5 6.
cxd5 ({7:+0.22} 6. cxd5 6... exd5 7. O-O Bd6 8. Bb5+ c6 9. Bd3 O-O 10. Nc3 $10)
({7:+0.42} 6. O-O 6... Be7 7. cxd5 exd5 8. Nc3 O-O 9. Ne5 9... Nc6 $14) 6...
exd5 7. O-O Be7 8. Nc3 O-O 9. b3 ({8:+0.01} 9. b3 9... Nc6 10. Ng5 Re8 11. Bb2
Qd7 12. Rc1 12... Rad8 $10) ({8:+0.21} 9. Ng5 9... Nc6 10. Qf3 h6 11. Nh3 Qd6
12. Nf4 12... Rad8 $10) 9... Nbd7 10. Bb2 c5 11. Rc1 Rc8 12. Qe2 ({8:+0.15} 12.
Qe2 12... Ne4 13. Ba6 Nxc3 14. Bxc3 Bxa6 15. Qxa6 Rc7 16. dxc5 Nxc5 17. Qe2 $10
) ({8:+0.30} 12. dxc5 12... Rxc5 13. Bf5 g6 14. Bc2 Ne4 15. Na4 Rc7 16. Qd4 $10
) 12... Re8 13. Ba6 Bxa6 14. Qxa6 cxd4 15. Nxd4 Nc5 16. Qe2 Qd7 17. Kh1 Ng4 18.
Nxd5 Nxf2+ 19. Qxf2 Qxd5 20. Nf5 Bg5 21. Rcd1 Qc6 22. Nd6 f6 23. Nxc8 Qxc8 24.
Bd4 Ne4 25. Qg1 Qc2 26. Ra1 Rc8 27. Rf3 Qd2 28. a4 Rc2 29. Qf1 Bh4 30. a5 bxa5
31. Bxa7 Qd5 32. Ra4 Nd2 33. Qd1 Qc6 34. Rc4 Rxc4 35. bxc4 Nxf3 36. gxf3 Qxc4
37. e4 h5 38. Qd5+ Qxd5 39. exd5 Be1 40. d6 Kf7 41. Bb8 Ke6 42. f4 a4 43. Ba7
Kxd6 44. Be3 a3 45. Bc1 a2 0-1

[Event "ICS Rated blitz match"]
[Site "207.99.83.227"]
[Date "1999.04.23"]
[Round "?"]
[White "kabayo"]
[Black "Hossa"]
[Result "1-0"]
[WhiteElo "2218"]
[BlackElo "2416"]
[Annotator "Crafty v16.6"]
[PlyCount "109"]

{annotating for player Hossa using a scoring margin of +0.10 pawns. search
time limit is 10.00} 1. e4 1... Nf6 2. e5 Nd5 3. d4 e6 4. c4 Bb4+ 5. Bd2 Bxd2+
6. Qxd2 Ne7 7. Nc3 d5 8. c5 b6 9. Na4 Bd7 10. Qc2 O-O 11. Nf3 Bxa4 12. Qxa4
bxc5 13. dxc5 Nd7 14. Rc1 Ng6 15. Qd4 c6 16. b4 Qc7 17. Ba6 Ngxe5 18. Nxe5
Qxe5+ 19. Qxe5 Nxe5 20. f4 Ng6 21. O-O Rab8 22. Rb1 e5 23. fxe5 Nxe5 24. a4 Nd7
25. Rfc1 f5 26. b5 h5 27. Rb3 g6 28. Rg3 Rf6 29. Rd3 Ne5 30. Re3 Ng4 31. Re7
Ra8 32. Bb7 Rd8 33. bxc6 Rff8 34. c7 Rc8 35. Bxc8 Rxc8 36. Rd7 Rxc7 37. Rxc7
Nf6 38. Rb1 Ne8 39. Rb8 Kf8 40. Rcc8 Kf7 41. Rxe8 d4 42. Kf2 h4 43. c6 d3 44.
c7 Kg7 45. c8=Q h3 46. Rh8 Kf6 47. Qd8+ Ke6 48. Qxd3 hxg2 49. Kxg2 Kf6 50. h4
Ke5 51. Kf3 g5 52. Rbe8+ Kf6 53. Qd6+ Kg7 54. Qe7+ Kg6 55. Reg8# 1-0

[Event "ICS Rated blitz match"]
[Site "207.99.83.227"]
[Date "1999.04.23"]
[Round "?"]
[White "Hossa"]
[Black "kabayo"]
[Result "1-0"]
[WhiteElo "2392"]
[BlackElo "2242"]
[PlyCount "67"]

1. e4 c5 2. Nc3 Nc6 3. Nf3 d6 4. d4 cxd4 5. Nxd4 Nf6 6. Bc4 e6 7. Nxc6 bxc6 8.
O-O Be7 9. Qf3 O-O 10. e5 Nd5 11. exd6 Bxd6 12. Ne4 Bc7 13. Qh5 h6 14. Rd1 Qe7
15. Be3 Rd8 16. Bc5 Qe8 17. a4 a5 18. Rd2 Ba6 19. Bxa6 Rxa6 20. Rad1 Raa8 21.
c4 Ne7 22. Bd6 Bxd6 23. Nxd6 Qf8 24. Nb7 Rxd2 25. Rxd2 Nf5 26. c5 Rb8 27. Rd7
g6 28. Qe2 Qc8 29. Rd8+ Qxd8 30. Nxd8 Rxd8 31. g4 Nd4 32. Qa6 Rb8 33. Qxa5 Rxb2
34. Qd8+ {kabayo resigns} 1-0

[Event "ICS Rated blitz match"]
[Site "207.99.83.227"]
[Date "1999.04.23"]
[Round "?"]
[White "newfisher"]
[Black "Hossa"]
[Result "0-1"]
[WhiteElo "2083"]
[BlackElo "2401"]
[PlyCount "42"]

1. e4 e5 2. Nc3 Bb4 3. Nd5 Ba5 4. b4 c6 5. bxa5 cxd5 6. exd5 Nf6 7. c4 Qxa5 8.
Nf3 O-O 9. Be2 d6 10. O-O Nbd7 11. d4 e4 12. Nd2 b5 13. Nb3 Qd8 14. cxb5 Nxd5
15. Ba3 N7f6 16. Qd2 a6 17. bxa6 Bxa6 18. Bxa6 Rxa6 19. Bb2 Qa8 20. a3 Rb8 21.
Qc2 21... Rab6 {newfisher resigns} 0-1

[Event "ICS rated blitz match"]
[Site "207.99.83.227"]
[Date "1999.04.23"]
[Round "?"]
[White "Svenprohv"]
[Black "Hossa"]
[Result "0-1"]
[WhiteElo "2317"]
[BlackElo "2395"]
[PlyCount "82"]

1. e4 d6 2. d4 Nf6 3. Nc3 g6 4. f4 Bg7 5. Nf3 O-O 6. Bc4 Nxe4 7. Nxe4 d5 8.
Ned2 dxc4 9. Nxc4 Qd5 10. Nce5 f6 11. Nd3 Nc6 12. c3 Bg4 13. O-O e5 14. fxe5
fxe5 15. Ndxe5 Bxe5 16. dxe5 Qxd1 17. Rxd1 Nxe5 18. Bh6 Bxf3 19. gxf3 Rxf3 20.
Rd5 Rf5 21. Rad1 Re8 22. Rd8 Kf7 23. Rxe8 Kxe8 24. Re1 Kf7 25. Kg2 g5 26. Rf1
Rxf1 27. Kxf1 Ng4 28. Bxg5 Nxh2+ 29. Kg2 Ng4 30. Bd8 c5 31. b4 Ne3+ 32. Kf3 Nd5
33. bxc5 Nxc3 34. a3 Nb5 35. a4 Nd4+ 36. Ke4 Ne6 37. Bh4 Nxc5+ 38. Kd5 Nxa4 39.
Kd6 b5 40. Kc6 b4 41. Kb5 41... b3 {Svenprohv resigns} 0-1

[Event "ICS rated blitz match"]
[Site "207.99.83.227"]
[Date "1999.04.23"]
[Round "?"]
[White "Hossa"]
[Black "Svenprohv"]
[Result "1/2-1/2"]
[WhiteElo "2399"]
[BlackElo "2275"]
[PlyCount "173"]

1. d4 g6 2. e4 Bg7 3. Nf3 d6 4. Bc4 Nf6 5. Nc3 O-O 6. O-O c6 7. Bg5 b5 8. Bd3
Nbd7 9. Qd2 Qc7 10. Bh6 e5 11. Bxg7 Kxg7 12. dxe5 Nxe5 13. Nxe5 dxe5 14. f4
exf4 15. Qxf4 Qxf4 16. Rxf4 Be6 17. a4 b4 18. Ne2 a5 19. Raf1 Nh5 20. Rh4 c5
21. Nc1 c4 22. Be2 Nf6 23. Rhf4 Nd7 24. b3 cxb3 25. cxb3 Nc5 26. R1f3 Rad8 27.
Re3 Rd2 28. Bb5 Rfd8 29. Rf1 Rb2 30. Re2 Rxe2 31. Bxe2 Rd2 32. Bd1 Nxe4 33. h4
Nc5 34. Re1 Rb2 35. Re5 Nxb3 36. Bxb3 Bxb3 37. Nxb3 Rxb3 38. Rxa5 Ra3 39. Kf2
b3 40. g3 b2 41. Rb5 Ra2 42. Ke3 Kf6 43. a5 Ke6 44. a6 Ra3+ 45. Kf4 Ra4+ 46.
Kf3 Ra3+ 47. Kf4 Ra4+ 48. Kf3 Rxa6 49. Rxb2 h5 50. Rb8 Kf6 51. Rg8 Ra4 52. Rb8
Ra5 53. Rb1 Kf5 54. Rb7 f6 55. Rf7 Ra3+ 56. Kf2 Rb3 57. Rf8 Rb6 58. Kf3 Rb7 59.
Ke3 Ke6 60. Rg8 Kf5 61. Rf8 Rb3+ 62. Kf2 g5 63. hxg5 Kxg5 64. Rd8 Kg4 65. Rg8+
Kf5 66. Rh8 Kg6 67. Rg8+ Kh7 68. Rd8 Rb6 69. Kf3 Kg6 70. Rg8+ Kf5 71. Rh8 Rb3+
72. Kf2 Kg4 73. Rg8+ Kh3 74. Rg6 Rb6 75. Kf3 Kh2 76. Rh6 Rb3+ 77. Kf2 Rb5 78.
g4 Rb2+ 79. Kf3 Rb3+ 80. Kf4 Rb4+ 81. Kf5 Rxg4 82. Rxh5+ Kg3 83. Kxf6 Rf4+ 84.
Kg6 Rg4+ 85. Kh6 Rh4 86. Kg6 Rxh5 87. Kxh5 {
Game drawn because neither player has mating material} 1/2-1/2

[Event "ICS rated blitz match"]
[Site "207.99.83.227"]
[Date "1999.04.23"]
[Round "?"]
[White "Hossa"]
[Black "strator"]
[Result "1-0"]
[WhiteElo "2397"]
[BlackElo "2155"]
[PlyCount "47"]

1. Nf3 d6 2. d4 c5 3. dxc5 Qa5+ 4. Nc3 Qxc5 5. e4 Nc6 6. Be2 g6 7. Nd5 Qa5+ 8.
Qd2 Qd8 9. Qc3 f6 10. Bg5 Bg7 11. O-O e6 12. Ne3 Bd7 13. Rad1 Qe7 14. Bf4 Ne5
15. Qc7 Bc6 16. Qxd6 Qxd6 17. Rxd6 Ke7 18. Bxe5 fxe5 19. Rfd1 Nf6 20. Ng5 Bd7
21. Nc4 Bh6 22. h4 Rad8 23. Nxe5 Bc8 24. Rxd8 {strator resigns} 1-0

[Event "ICS rated blitz match"]
[Site "207.99.83.227"]
[Date "1999.04.23"]
[Round "?"]
[White "Svenprohv"]
[Black "Hossa"]
[Result "0-1"]
[WhiteElo "2284"]
[BlackElo "2403"]
[PlyCount "102"]

1. e4 d6 2. d4 Nf6 3. Nc3 g6 4. f4 Bg7 5. Nf3 O-O 6. e5 Nfd7 7. Bd3 c5 8. exd6
exd6 9. dxc5 Bxc3+ 10. bxc3 Re8+ 11. Be2 Nxc5 12. O-O Ne4 13. Bc4 Nxc3 14. Qd4
Ne2+ 15. Bxe2 Rxe2 16. Bb2 Qb6 17. Rae1 Qxd4+ 18. Bxd4 Rxe1 19. Rxe1 Be6 20.
Ng5 Nc6 21. Bf6 Bxa2 22. Ne4 d5 23. Nd6 b6 24. f5 a5 25. fxg6 fxg6 26. Bg5 Bc4
27. Re6 Nd4 28. Re7 Rf8 29. h4 Nf5 30. Nxf5 gxf5 31. Rb7 b5 32. Kf2 Rf7 33.
Rb8+ Kg7 34. Ke3 h6 35. Bf4 Re7+ 36. Kd2 Re2+ 37. Kc3 d4+ 38. Kb2 d3 39. Rb7+
Kg8 40. Bxh6 Rxg2 41. Ra7 Rxc2+ 42. Kb1 Ba2+ 43. Ka1 d2 44. Bxd2 Rxd2 45. Rxa5
Bc4 46. Ra7 Rh2 47. Kb1 Rxh4 48. Kc2 Rh2+ 49. Kc3 f4 50. Kd4 f3 51. Ke5 51...
f2 {Svenprohv resigns} 0-1

[Event "ICS rated blitz match"]
[Site "207.99.83.227"]
[Date "1999.04.23"]
[Round "?"]
[White "Hossa"]
[Black "JS"]
[Result "1-0"]
[WhiteElo "2408"]
[BlackElo "2182"]
[PlyCount "75"]

1. Nf3 d5 2. c4 e6 3. e3 Nf6 4. d4 Be7 5. Be2 dxc4 6. Bxc4 c5 7. O-O O-O 8. Nc3
a6 9. b3 b5 10. Bd3 Bb7 11. Bb2 Nbd7 12. Rc1 Rc8 13. a4 b4 14. Na2 cxd4 15.
Nxd4 Qb6 16. Qe2 Ne5 17. Nf5 Ng6 18. Nxe7+ Nxe7 19. Bd4 Qd6 20. Bxf6 gxf6 21.
Qg4+ Ng6 22. Nxb4 a5 23. Bxg6 fxg6 24. Nc2 Qd5 25. Nd4 f5 26. Qh3 Kg7 27. Rcd1
Qe4 28. Nf3 Rfd8 29. Ng5 Qc6 30. Rxd8 Rxd8 31. Qxh7+ Kf6 32. e4 fxe4 33. Qf7+
Kxg5 34. Qe7+ Kh6 35. Qxd8 e3 36. Qh8+ Kg5 37. f4+ Kf5 38. Qe5+ {JS resigns}
1-0

[Event "ICS rated blitz match"]
[Site "207.99.83.227"]
[Date "1999.04.23"]
[Round "?"]
[White "Vibora"]
[Black "Hossa"]
[Result "1-0"]
[WhiteElo "2326"]
[BlackElo "2415"]
[Annotator "Crafty v16.6"]
[PlyCount "120"]

{annotating for player Hossa using a scoring margin of +0.10 pawns. search
time limit is 10.00} 1. e4 1... d6 2. d4 Nf6 3. Nc3 g6 ({8:-0.66} 3... g6 4.
Be2 d5 5. e5 Ne4 6. Nxe4 dxe4 7. Bg5 7... Bf5 $14) ({8:-0.36} 3... Nc6 4. Bb5
Bd7 5. Nf3 a6 6. Bc4 Na5 7. Bd3 $14) 4. Nf3 Bg7 5. Be2 O-O 6. O-O Nc6 7. d5 Nb8
8. Re1 e5 ({8:-0.71} 8... e5 9. Ng5 Na6 10. Be3 Nc5 11. b4 Na6 12. Rb1 $16) ({
8:-0.59} 8... Nbd7 9. Ng5 Ne5 10. Bf4 Bg4 11. Bxg4 Nfxg4 12. Bxe5 Nxe5 13. Qd4
$14) 9. Bg5 h6 ({8:-0.82} 9... h6 10. Bd2 c6 11. Qc1 Kh7 12. Bc4 Bg4 13. Nh4
cxd5 14. exd5 $16) ({8:-0.71} 9... Na6 10. Qd2 Nc5 11. Bd1 Bg4 12. Bh6 Bxh6 13.
Qxh6 13... Qe7 $16) 10. Be3 Ng4 11. Bd2 f5 12. Bd3 fxe4 13. Bxe4 g5 14. a4 Nxf2
15. Kxf2 g4 16. Kg1 gxf3 17. Bxf3 Bf5 18. Be4 Qh4 19. Bxf5 Rxf5 20. Re4 Qf2+
21. Kh1 Rf7 22. Be3 Qf5 23. Rg4 Qh7 24. a5 a6 25. Rb4 c5 26. Rb6 Bf8 27. Qg4+
Kh8 28. Qe6 Nd7 29. Rxb7 Rd8 30. Ra7 Rb8 31. Ne4 Rxb2 32. Nxd6 Rf6 33. Rxd7
Rxe6 34. Rxh7+ Kxh7 35. dxe6 Bxd6 36. Rd1 Bf8 37. Rd7+ Kg6 38. e7 Bxe7 39. Rxe7
Kf5 40. h3 h5 41. Bxc5 Rxc2 42. Bd6 Kf6 43. Re8 Ra2 44. Bxe5+ Kf7 45. Rh8 Rxa5
46. Rxh5 Ra2 47. g4 Kg6 48. h4 Ra3 49. Kg2 Ra2+ 50. Kf3 Ra3+ 51. Ke4 Rh3 52.
Rh8 Rh1 53. h5+ Kg5 54. Rg8+ Kh4 55. h6 Kh3 56. h7 Kg2 57. h8=Q Re1+ 58. Kd3
Rh1 59. Qf6 Rf1 60. Qh4 Rf4 1-0

[Event "ICS rated blitz match"]
[Site "207.99.83.227"]
[Date "1999.04.23"]
[Round "?"]
[White "Hossa"]
[Black "Vibora"]
[Result "1/2-1/2"]
[WhiteElo "2395"]
[BlackElo "2346"]
[PlyCount "105"]

1. Nf3 d5 2. c4 e6 3. e3 Nc6 4. cxd5 exd5 5. Bb5 Bd7 6. O-O Bd6 7. d4 a6 8. Bd3
Nb4 9. Be2 Bf5 10. Na3 Nf6 11. b3 O-O 12. Bb2 Re8 13. Ne5 Qe7 14. Qe1 c6 15.
Kh1 Rad8 16. Rg1 Qe6 17. Bf3 Ra8 18. Qe2 c5 19. Qd2 cxd4 20. exd4 Rac8 21. Bc3
Qe7 22. Rge1 Be4 23. Re3 Bxf3 24. gxf3 Qf8 25. Nb1 Nc6 26. Ng4 Re6 27. Qe1 Qe7
28. Nd2 Bf4 29. Rxe6 fxe6 30. Rc1 Nxg4 31. fxg4 e5 32. dxe5 Qh4 33. Qg1 Nxe5
34. Qg2 Nxg4 35. Qxd5+ Kh8 36. Bxg7+ Kxg7 37. Qxb7+ Kh6 38. Rc6+ Rxc6 39. Qxc6+
Kg7 40. Qb7+ Kf8 41. Qc8+ Ke7 42. Qb7+ Kd8 43. Qd5+ Kc7 44. Qc4+ Kd7 45. Qf7+
Kc6 46. Qc4+ Kb6 47. Qd4+ Kb7 48. Qe4+ Ka7 49. Qd4+ Kb7 50. Qe4+ Ka7 51. Qd4+
Kb7 52. Qe4+ Ka7 53. Qd4+ {Game drawn by repetition} 1/2-1/2

[Event "ICS rated blitz match"]
[Site "207.99.83.227"]
[Date "1999.04.23"]
[Round "?"]
[White "TDChess"]
[Black "Hossa"]
[Result "1-0"]
[WhiteElo "2658"]
[BlackElo "2393"]
[Annotator "Crafty v16.6"]
[PlyCount "114"]

{annotating for player Hossa using a scoring margin of +0.10 pawns. search
time limit is 10.00} 1. e4 1... e5 2. Nf3 Nc6 3. Bb5 g6 ({8:-0.82} 3... g6 4.
O-O Nge7 5. d4 exd4 6. Nxd4 a6 7. Nxc6 Nxc6 8. Bc4 $16) ({8:-0.68} 3... Bc5 4.
O-O Nf6 5. d3 a6 6. Bxc6 dxc6 7. Nxe5 7... O-O $14) 4. O-O Bg7 5. c3 Nge7 6. d4
exd4 7. cxd4 O-O 8. d5 Na5 ({8:-0.67} 8... Na5 9. d6 cxd6 10. Qxd6 a6 11. Bd3
Re8 12. Nc3 12... Nac6 $14) ({8:-0.49} 8... a6 9. Be2 Ne5 10. Nxe5 Bxe5 11. Nc3
Bg7 12. d6 12... Nc6 $14) 9. Be2 d6 10. Qa4 b6 ({9:-0.36} 10... b6 11. Qd1 Re8
12. Nc3 Bg4 13. Bg5 c6 14. dxc6 Naxc6 15. Rc1 $14) ({9:-0.18} 10... c6 11. Bd2
Bxb2 12. Bxa5 b6 13. Bc3 Bxa1 14. Bxa1 14... cxd5 $10) 11. Ng5 h6 ({8:-0.25} 
11... h6 12. Nf3 f5 13. Rd1 fxe4 14. Qxe4 Bf5 15. Qh4 15... Bc2 $10) ({8:-0.07
} 11... c6 12. Nc3 Bxc3 13. bxc3 cxd5 14. exd5 Nxd5 15. Qh4 Nf6 16. Qh6 $10)
12. Nf3 f5 13. Nc3 fxe4 14. Qxe4 Bb7 15. Nd4 Bc8 16. Bf4 Nb7 17. Rae1 Nc5 18.
Qe3 g5 19. Bg3 Nf5 20. Nxf5 Bxf5 21. b4 Nd7 22. Qc1 Ne5 23. Qd2 Ng6 24. Nb5 a5
25. Rc1 Rf7 26. Bd3 Bxd3 27. Qxd3 Ne5 28. Bxe5 dxe5 29. d6 cxd6 30. Qd5 Kf8 31.
Nc7 Rxc7 32. Rxc7 Qxc7 33. Qxa8+ Kf7 34. bxa5 bxa5 35. Qd5+ Kf6 36. Rb1 g4 37.
g3 Qc5 38. Qa8 Kf5 39. Rd1 Qb4 40. Qd5 Bf6 41. Qxd6 Qe4 42. Qc7 Qe2 43. Qd7+
Kg6 44. Qa4 Be7 45. Rb1 Bb4 46. a3 Qa2 47. Rc1 Qxa3 48. Qe8+ Kf5 49. Qc8+ Kg5
50. Rc6 Bd6 51. Qd8+ Kf5 52. Qd7+ Kg5 53. Rxd6 Qxd6 54. Qxd6 Kf5 55. Qxh6 Ke4
56. Qe6 Kd4 57. Qxg4+ e4 1-0

[Event "ICS rated blitz match"]
[Site "207.99.83.227"]
[Date "1999.04.23"]
[Round "?"]
[White "brutus"]
[Black "Hossa"]
[Result "0-1"]
[WhiteElo "2070"]
[BlackElo "2392"]
[PlyCount "58"]

1. e4 c5 2. Nf3 Nc6 3. d4 cxd4 4. Nxd4 e5 5. Nf3 Nf6 6. Nc3 Bb4 7. Bg5 O-O 8.
Bc4 d6 9. O-O Bxc3 10. bxc3 Be6 11. Bb3 h6 12. Bh4 Qe7 13. Qd3 Rad8 14. Rad1
Kh8 15. Rfe1 Rfe8 16. h3 Rg8 17. Re3 Rd7 18. Kh1 Rf8 19. g4 Rfd8 20. Rg1 d5 21.
exd5 Bxd5 22. Bxd5 Rxd5 23. Qf5 g5 24. Nxg5 hxg5 25. Qxg5 R8d6 26. Qh6+ Nh7 27.
Qh5 Qe6 28. f4 Rd2 29. f5 29... Qd5+ {brutus resigns} 0-1

[Event "ICS rated blitz match"]
[Site "207.99.83.227"]
[Date "1999.04.23"]
[Round "?"]
[White "Hossa"]
[Black "brutus"]
[Result "1-0"]
[WhiteElo "2396"]
[BlackElo "2066"]
[PlyCount "33"]

1. e4 e6 2. d4 d5 3. Nc3 Nf6 4. e5 Nfd7 5. Nh3 c5 6. Bb5 a6 7. Ba4 b5 8. Bg5
Qa5 9. Bd2 Qd8 10. Bg5 Be7 11. Bxe7 Kxe7 12. Qd2 h6 13. Bxb5 axb5 14. dxc5 Qa5
15. b4 Qxb4 16. Nxd5+ exd5 17. Qxb4 {brutus resigns} 1-0

[Event "ICS rated blitz match"]
[Site "207.99.83.227"]
[Date "1999.04.23"]
[Round "?"]
[White "brutus"]
[Black "Hossa"]
[Result "0-1"]
[WhiteElo "2062"]
[BlackElo "2400"]
[PlyCount "114"]

1. e4 c5 2. Nf3 Nc6 3. d4 cxd4 4. Nxd4 e5 5. Nf3 Nf6 6. Nc3 Bb4 7. Bg5 O-O 8.
Bc4 d6 9. O-O Bxc3 10. bxc3 Be6 11. Bb3 h6 12. Bh4 Qe7 13. Nd2 g5 14. Bg3 d5
15. h4 dxe4 16. hxg5 hxg5 17. Qe1 Bf5 18. Qe3 Nh5 19. Nxe4 Nxg3 20. fxg3 Bxe4
21. Qxe4 Kh8 22. Qg4 f6 23. Kf2 Rad8 24. Rh1+ Kg7 25. Qf5 Rh8 26. Ke2 Qd7 27.
Qxd7+ Rxd7 28. Rxh8 Kxh8 29. Rd1 Rxd1 30. Kxd1 Ne7 31. Ke2 g4 32. Be6 f5 33.
Kd3 e4+ 34. Kd4 Kg7 35. Ke5 Kg6 36. Kd6 Kf6 37. Bc4 Nc6 38. Kc7 Ke7 39. Be2 Nd8
40. a4 Ke8 41. a5 Ke7 42. Kb8 Kd6 43. Kxa7 Kc7 44. a6 Nc6+ 45. Ka8 bxa6 46.
Bxa6 Ne7 47. Bc4 e3 48. Ka7 Nd5 49. Ka6 Kc6 50. Ka5 Kc5 51. Ba6 Nxc3 52. Bd3 e2
53. Bxe2 Nxe2 54. Ka6 Nxg3 55. Kb7 f4 56. Kc7 f3 57. Kd7 57... fxg2 {
brutus resigns} 0-1

[Event "ICS rated blitz match"]
[Site "207.99.83.227"]
[Date "1999.04.23"]
[Round "?"]
[White "Hossa"]
[Black "brutus"]
[Result "0-1"]
[WhiteElo "2404"]
[BlackElo "2058"]
[Annotator "Crafty v16.6"]
[PlyCount "140"]

{annotating for player Hossa using a scoring margin of +0.10 pawns. search
time limit is 10.00} 1. e4 1... e6 2. d4 d5 3. Nc3 Nf6 4. e5 Nfd7 5. Nh3 c5 6.
Bb5 a6 7. Ba4 ({7:-0.51} 7. Ba4 7... cxd4 8. Qxd4 b5 9. Bg5 f6 10. exf6 bxa4
11. fxg7 $15) ({7:-0.21} 7. Bxd7+ 7... Nxd7 8. Be3 Qc7 9. O-O cxd4 10. Bxd4
Nxe5 11. Qh5 11... Bd6 $10) 7... b5 8. Bg5 Qc7 9. Bb3 c4 10. O-O cxb3 11. axb3
Nc6 12. Nxb5 Qb6 13. Nd6+ Bxd6 14. exd6 Qxd4 15. Qxd4 Nxd4 16. Ra4 Nb5 17. Be7
Na7 18. Rg4 g6 19. Re1 Nc6 20. Bg5 O-O 21. Rd1 Nde5 22. Rf4 f5 23. c4 dxc4 24.
bxc4 Bd7 25. Rh4 Rab8 26. Bc1 Rb3 27. c5 Rfb8 28. Ng5 h5 29. Ra4 a5 30. Ra3
Rxa3 31. bxa3 Rb1 32. f4 Nc4 33. Re1 Nxa3 34. Bd2 Rxe1+ 35. Bxe1 Nc2 36. Bc3 a4
37. Nf3 a3 38. Nd2 a2 39. Nb3 N6b4 40. g3 Ba4 41. Nd4 a1=Q+ 42. Bxa1 Nxa1 43.
Kf1 Kf7 44. Ke2 Nac2 45. Nf3 Nc6 46. Ng5+ Ke8 47. Nxe6 N2d4+ 48. Nxd4 Nxd4+ 49.
Kd3 Ne6 50. Kc4 Kd7 51. Kb4 Bc6 52. h4 Nd4 53. Ka5 Ne2 54. Kb6 Nxg3 55. Ka5 Ne2
56. Kb4 Nxf4 57. Ka5 Ng2 58. Kb4 f4 59. Kc3 f3 60. Kd2 Bb5 61. Kc3 f2 62. Kb4
f1=Q 63. Kb3 Qc4+ 64. Kb2 Ne3 65. c6+ Kxc6 66. d7 Kxd7 67. Ka3 Qc3+ 68. Ka2
Bc4+ 69. Kb1 Qb3+ 70. Ka1 Nc2# 0-1

[Event "ICS rated blitz match"]
[Site "207.99.83.227"]
[Date "1999.04.23"]
[Round "?"]
[White "attakinski"]
[Black "Hossa"]
[Result "1-0"]
[WhiteElo "2510"]
[BlackElo "2376"]
[Annotator "Crafty v16.6"]
[PlyCount "84"]

{annotating for player Hossa using a scoring margin of +0.10 pawns. search
time limit is 10.00} 1. d4 1... e6 2. e4 d5 3. Nc3 dxe4 4. Nxe4 Qd5 5. Nc3 Bb4
6. Nf3 b6 ({8:-0.57} 6... b6 7. Qd2 Qd8 8. Be2 Nf6 9. O-O O-O 10. Qg5 $14) ({
8:-0.07} 6... Nf6 7. Qd2 Qd6 8. Bc4 Ne4 9. Qd3 Nxc3 10. bxc3 10... Ba5 $10) 7.
Bd3 Ba6 ({8:-0.87} 7... Ba6 8. O-O Bxc3 9. bxc3 Bxd3 10. Qxd3 Qf5 11. Qe2 Nf6
12. Bg5 $16) ({8:-0.69} 7... Bxc3+ 8. bxc3 Nf6 9. O-O O-O 10. Ba3 Re8 11. c4
Qd8 12. Re1 $14) 8. O-O Bxc3 9. bxc3 Nf6 ({8:-0.81} 9... Nf6 10. Bxa6 Nxa6 11.
Qd3 Nb8 12. Bf4 c6 13. c4 13... Qe4 $16) ({8:-0.61} 9... Bxd3 10. Qxd3 Nf6 11.
Bf4 c6 12. c4 Qe4 13. Bd6 Qxd3 14. cxd3 $14) 10. Bf4 Bxd3 11. Qxd3 Nbd7 ({
8:-0.79} 11... Nbd7 12. Bxc7 Rc8 13. Be5 Nxe5 14. Nxe5 O-O 15. Rfe1 15... Rfd8
$16) ({8:-0.61} 11... Qd8 12. Ne5 O-O 13. Bg5 Qe7 14. Rae1 Rd8 15. Re4 $14) 12.
c4 Qb7 13. Qa3 c5 14. Rfe1 cxd4 15. Nxd4 Nc5 16. Bd6 Nce4 17. Nb5 Rc8 18. f3 a6
19. Nc7+ Rxc7 20. Bxc7 Qxc7 21. fxe4 Ng4 22. e5 Nxe5 23. Qa4+ Ke7 24. Qa3+ Ke8
25. Qxa6 Ke7 26. Qa3+ Kd7 27. Rad1+ Kc6 28. Qa4+ Kb7 29. Rxe5 Ra8 30. Qd7 Rxa2
31. Rc5 Qxd7 32. Rxd7+ Kb8 33. Rc6 Rxc2 34. Rxf7 Rc1+ 35. Kf2 Rc2+ 36. Kf3 Rc1
37. Rxg7 h5 38. Rxb6+ Ka8 39. Rxe6 Rf1+ 40. Kg3 Rf8 41. Ra6+ Kb8 42. c5 Re8 1-0

[Event "ICS rated blitz match"]
[Site "207.99.83.227"]
[Date "1999.04.23"]
[Round "?"]
[White "Volovka"]
[Black "Hossa"]
[Result "0-1"]
[WhiteElo "2306"]
[BlackElo "2373"]
[PlyCount "54"]

1. d3 d5 2. g3 e5 3. Bg2 Nf6 4. Nf3 Nc6 5. O-O Bc5 6. c3 O-O 7. b4 Bd6 8. Bb2
e4 9. Ne1 Bf5 10. Na3 a5 11. b5 Ne5 12. Nac2 Qd7 13. a4 Bh3 14. Nd4 Bxg2 15.
Kxg2 Kh8 16. Nec2 exd3 17. exd3 Rae8 18. h3 Re7 19. Qd2 c5 20. bxc6 bxc6 21. f4
Ng6 22. Rae1 Rb8 23. Ba1 Rxe1 24. Rxe1 Nh5 25. Rf1 Rb6 26. Qe3 Bc7 27. Qf3
27... Nhxf4+ {Volovka resigns} 0-1

[Event "ICS rated blitz match"]
[Site "207.99.83.227"]
[Date "1999.04.23"]
[Round "?"]
[White "Volovka"]
[Black "Hossa"]
[Result "0-1"]
[WhiteElo "2281"]
[BlackElo "2398"]
[PlyCount "64"]

1. c4 e5 2. Nc3 Nf6 3. e4 Bb4 4. d3 Nc6 5. f4 d6 6. Nf3 O-O 7. h3 Nh5 8. f5 Ng3
9. Rh2 Nd4 10. Be3 c5 11. Kf2 Nxf1 12. Kxf1 Nxf3 13. Qxf3 Bxc3 14. bxc3 Qa5 15.
Bd2 f6 16. g4 b5 17. cxb5 Qxb5 18. c4 Qb2 19. Qd1 Rb8 20. Rg2 Qd4 21. Be1 Qe3
22. Bf2 Qxh3 23. Qd2 Rf7 24. Kg1 Rfb7 25. g5 Rb1+ 26. Rxb1 Rxb1+ 27. Be1 Qh4
28. Kf1 fxg5 29. Qa5 h6 30. Ke2 Qh3 31. Rf2 Qg4+ 32. Kf1 32... Qh5 {
Volovka resigns} 0-1

[Event "ICS Rated blitz match"]
[Site "207.99.83.227"]
[Date "1999.04.23"]
[Round "?"]
[White "j724"]
[Black "Hossa"]
[Result "0-1"]
[WhiteElo "2224"]
[BlackElo "2409"]
[PlyCount "76"]

1. d4 Nf6 2. Nf3 e6 3. Bf4 Be7 4. h3 O-O 5. Nbd2 d5 6. e3 c5 7. c3 Nh5 8. Bh2
Qb6 9. Qc2 cxd4 10. exd4 Nc6 11. Bd3 Nf6 12. O-O Qd8 13. Ne5 Bd6 14. Rfe1 Bd7
15. Ndf3 Be8 16. Bf4 Rc8 17. Qe2 Nxe5 18. dxe5 Bc7 19. Bg5 h6 20. Bh4 g5 21.
Nxg5 Ne4 22. Bxe4 hxg5 23. Qg4 dxe4 24. Bxg5 f5 25. exf6 Rf7 26. Rxe4 Kh8 27.
Qf3 Qd7 28. Rh4+ Rh7 29. Rd1 Qf7 30. Rdd4 Qg6 31. Rxh7+ Kxh7 32. Rh4+ Kg8 33.
Bf4 Kf7 34. Qxb7 Bc6 35. Rh7+ Qxh7 36. Qxc8 Qb1+ 37. Kh2 Bxf4+ 38. g3 38...
Qh1# {j724 checkmated} 0-1